ELECTROMAGNETISM (Record no. 216356)

MARC details
000 -LEADER
fixed length control field 00408nam a22001577a 4500
008 - FIXED-LENGTH DATA ELEMENTS--GENERAL INFORMATION
fixed length control field 251218b |||||||| |||| 00| 0 eng d
020 ## - INTERNATIONAL STANDARD BOOK NUMBER
International Standard Book Number 978-81-203-4888-2
100 ## - MAIN ENTRY--PERSONAL NAME
Personal name PRAMANIK, ASHTOSH
245 ## - TITLE STATEMENT
Title ELECTROMAGNETISM
Remainder of title THEORY
260 ## - PUBLICATION, DISTRIBUTION, ETC.
Place of publication, distribution, etc. DELHI
Name of publisher, distributor, etc. PHI LEARNING
Date of publication, distribution, etc. 2024
300 ## - PHYSICAL DESCRIPTION
Extent XXXIII, 674P.
500 ## - GENERAL NOTE
General note INCLUDES INDEX
650 ## - SUBJECT ADDED ENTRY
Topical term or geographic name entry element ELECTROMAGNETISM
942 ## - ADDED ENTRY ELEMENTS (KOHA)
Source of classification or shelving scheme Library of Congress Classification
Koha item type Long Loan Book
Holdings
Withdrawn status Lost status Source of classification or shelving scheme Damaged status Not for loan Collection Home library Current library Shelving location Date acquired Inventory number Total checkouts Full call number Barcode Date last seen Copy number Price effective from Koha item type
    Library of Congress Classification     Science & Technology Kisii University Library Kisii University Library On Display 12/18/2025 110530   QC 760 .P73 2024 000000001310 12/18/2025 C.1 12/18/2025 Long Loan Book
    Library of Congress Classification     Science & Technology Kisii University Library Kisii University Library On Display 12/18/2025 110531   QC 760 .P73 2024 000000001311 12/18/2025 C.2 12/18/2025 Long Loan Book
    Library of Congress Classification     Science & Technology Kisii University Library Kisii University Library On Display 12/18/2025 110532   QC 760 .P73 2024 000000001312 12/18/2025 C.3 12/18/2025 Long Loan Book
    Library of Congress Classification     Science & Technology Kisii University Library Kisii University Library On Display 12/18/2025 110533   QC 760 .P73 2024 000000022794 12/18/2025 C.4 12/18/2025 Long Loan Book